Clic Autour du decathlon masculin... - Statistiques

Statistiques générales
  • Ce quiz a été pris 20 fois
  • Le résultat moyen est 24 sur 40
Statistiques - réponses
Hint Réponse % Correct
Pour obtenir 1000 points au 100 m, il faut le courir en 10 s 39
100%
Pour obtenir 900 points au 400 m, il faut le courir en 48 s 19
94%
Pour obtenir 900 points au 1500 m, il faut le courir en 4 min 7 s 42
94%
Quel est le prénom de ce grand décathlonien ? *** Mayer Kevin
94%
Le javelot utilisé pèse (en kilos) 0,800
89%
Pour obtenir 700 points au 110 m haies, il faut le courir en 16 s 29
89%
La table actuellement utilisée a été adoptée en 1985
89%
Nombre d'essais aux lancers 3
89%
Pour obtenir 800 points au lancer de javelot, il faut lancer à 64,10 m
89%
Le record du monde en juin 2024 est de (en points) 9126
89%
Quel est le prénom de ce grand décathlonien ? *** Eaton Ashton
89%
Pour obtenir 700 points au saut à la perche, il faut sauter à 4,30 m
83%
Pour obtenir 700 points au lancer de poids, il faut lancer à 13,53 m
78%
Pour obtenir 1000 points au saut en hauteur, il faut sauter à 2,21 m
78%
Pour obtenir 1000 points au saut en longueur, il faut sauter à 7,76 m
78%
Le record d'Amérique (nord et sud) en juin 2024 est de (en points) 9045
78%
La 10e épreuve du décathlon est le 1500 m
72%
Pour obtenir 1000 points au lancer de disque, il faut lancer à 56,18 m
72%
Le record d'Asie en juin 2024 est de (en points) 8725
72%
Le record d'Océanie en juin 2024 est de (en points) 8649
67%
La 1ère épreuve du décathlon est le 100 m
61%
La table de cotation dite finlandaise a été adoptée en 1934
61%
De quel pays était originaire les sportifs ayant réalisé la meilleure performance 26 fois entre 1960 et 2022 Etats-Unis
61%
De quel pays est originaire le détenteur du record olympique en juin 2024 ? Canada
56%
Quel est le prénom de ce grand décathlonien ? *** Thompson Daley
56%
La 9e épreuve du décathlon est le Lancer du javelot
50%
Le poids utilisé pèse (en kilos) 7,260
44%
La 7e épreuve du décathlon est le Lancer du disque
44%
La 6e épreuve du décathlon est le 110 m haies
39%
La 8e épreuve du décathlon est le Saut à la perche
39%
La 1ère table de cotation a été établie en 1912
33%
Le disque utilisé pèse (en kilos) 2
33%
Le 1er championnat officiel de décathlon a lieu en 1909
28%
De quel pays était ou est originaire le décathlonien ayant réalisé la meilleure performance de l'année en 1988, 1990, 2017, 2018 et 2020 France
28%
La 4e épreuve du décathlon est le Saut en hauteur
28%
La 2e épreuve du décathlon est le Saut en longueur
22%
La 5e épreuve du décathlon est le 400 m
17%
Le record d'Afrique en juin 2024 est de (en points) 8521
17%
La 3e épreuve du décathlon est le Lancer du poids
11%
De quel était originaire le décathlonien ayant réalisé la meilleure performance de l'année en 1982, 1984 et 1986 Royaume-Uni
11%
Aucun quiz correspondant
Distribution des résultats
% des personnes avec chaque résultat
Percentile par nombre de réponses
Votre historique - résultats
Vous n’avez pas pris ce quiz